000 00330nam a2200121Ia 4500
008 190722s9999 xx 000 0 und d
020 _a978-81-309-3090-9
100 _aTarika Sing Sikarwar
245 0 _aTransforming Business Organisations for longevity
260 _aNew Delhi
_bViva Books
_c2015
300 _a223
942 _cBK
999 _c1053
_d1053